ოქრომრავალი კოლხეთი = Colchis-Land of golden fleece : (ბიბ.ჩანაწერი № 60128)
[ მარტივი ფორმატი ]
| 000 -ლიდერი | |
|---|---|
| ფიქსირებული სიგრძის საკონტროლო ველი | 01862nam a22002417a 4500 |
| 003 - საკონტროლო ნომრის იდენტიფიკატორი | |
| საკონტროლო ველი | Ge_BSU |
| 005 - ბოლო ოპერაციის თარიღი და დრო | |
| საკონტროლო ველი | 20230612103726.0 |
| 008 - ფიქსირებული სიგრძის მონაცემთა ელემენტები - ზოგადი ინფორმაცია | |
| ფიქსირებული სიგრძის საკონტროლო ველი | 230612s2005 ge ||||| |||| 00| 0 geo d |
| 041 ## - ენის კოდი | |
| Language code of text/sound track or separate title | geo |
| 080 ## - უნივერსალური ათობითი კლასიფიკაციის ინდექსი | |
| Universal Decimal Classification number | 069(479.22) ო-87 |
| 245 ## - ცნობა სათაურის შესახებ | |
| Title | ოქრომრავალი კოლხეთი = Colchis-Land of golden fleece : |
| Remainder of title | [გამოფენის კატალოგი] / |
| Statement of responsibility, etc | კატალოგზე მუშაობდნენ: ნინო ანდრიაშვილი, დავით ცვარიანი, არჩილ ხაჭაპურიძე [და სხვ.] ; წინათქმა დავით ლორთქიფანიძე ; საქართველოს ეროვნული მუზეუმი. |
| 264 ## - წარმოების, გამოცემის, დისტრიბუციის და სხვა ცნობები | |
| გამოცემის, წარმოების, დისტრიბუციის... ადგილი | თბილისი, |
| გამოცემის, წარმოების, დისტრიბუციის... თარიღი | 2005. |
| 300 ## - ფიზიკური აღწერა | |
| Extent | 96 გვ. : |
| Other physical details | ილ. ; |
| Dimensions | 31 სმ. |
| 500 ## - ზოგადი შენიშვნა | |
| General note | კატალოგი დაიბეჭდა BP საქართველოს მხარდაჭერით. ყდა, თავფურცელი, ტექსტი ქართულ და ინგლისურ ენებზე. |
| 653 ## - INDEX TERM--UNCONTROLLED | |
| Uncontrolled term | ვანის არქეოლოგიური გათხრები |
| 653 ## - INDEX TERM--UNCONTROLLED | |
| Uncontrolled term | საქართველოს სამუზეუმო ექსპონატები |
| 700 ## - ADDED ENTRY--PERSONAL NAME | |
| Personal name | ანდრიაშვილი, ნინო |
| Relator term | შემდგენელი |
| 9 (RLIN) | 18620 |
| 700 ## - ADDED ENTRY--PERSONAL NAME | |
| Personal name | ცვარიანი, დავით |
| Relator term | შემდგენელი |
| 9 (RLIN) | 18621 |
| 700 ## - ADDED ENTRY--PERSONAL NAME | |
| Personal name | ხაჭაპურიძე, არჩილ [და სხვ.] |
| 9 (RLIN) | 18622 |
| 700 ## - ADDED ENTRY--PERSONAL NAME | |
| Personal name | ლორთქიფანიძე, დავით |
| Relator term | წინათქმა |
| 9 (RLIN) | 17912 |
| 710 ## - ADDED ENTRY--CORPORATE NAME | |
| Corporate name or jurisdiction name as entry element | საქართველოს ეროვნული მუზეუმი. |
| 9 (RLIN) | 18623 |
| 942 ## - ADDED ENTRY ELEMENTS (KOHA) | |
| Source of classification or shelving scheme | |
| Koha item type | წიგნი |
| ჩამოწერის სტატუსი | დაკარგული ეგზემპლარის სტატუსი | კლასიფიკაციის წყარო ან თაროზე გაწყობის სქემა | დაზიანების სტატუსი | არ გაიცემა | მუდმივი მდებარეობა (დაცვის ადგილი) | ამჟამინდელი ადგილსამყოფელი | თაროზე განთავსების ადგილი | შეძენის თარიღი | ღირებულება, შესყიდვის ნორმალური ფასი | სრული შენახვის შიფრი | შტრიხკოდი | ბოლო ოპერაციის თარიღი | ეგზემპლარის მიმდევრობითი ნომერი (კეტერი?) | Uniform Resource Identifier | ფასის ძალაში შესვლის თარიღი | ეგზემპლარის სახეობა | საჯარო შენიშვნა |
|---|---|---|---|---|---|---|---|---|---|---|---|---|---|---|---|---|---|
| ბათუმის შოთა რუსთაველის სახელმწიფო უნივერსიტეტის მთავარი ბიბლიოთეკა | ბათუმის შოთა რუსთაველის სახელმწიფო უნივერსიტეტის მთავარი ბიბლიოთეკა | წიგნსაცავი | 2023-06-12 | 7.00 | 069(479.22) ო-87 | 64624 | 2023-06-12 | 64624 | ბსუ-ს საპატიო დოქტორის გურამ ლორთქიფანიძის საჩუქარი | 2023-06-12 | წიგნი | 7 ლ. |
